| 000 | 01005nam a2200193Ia 4500 | ||
|---|---|---|---|
| 003 | Ost | ||
| 005 | 20260507075114.0 | ||
| 008 | 260507s9999||||xx |||||||||||||| ||und|| | ||
| 040 | _cfsecg | ||
| 041 | _aara | ||
| 082 | _a330 | ||
| 100 |
_aدرويش، محمد كامل _eمؤلف |
||
| 245 | 0 |
_aأساسيات متطورة وأحكام عامة في : _bشركات الاشخاص-شركات الأموال-شركات التأمين / _c محمد كامل درويش |
|
| 260 |
_aبيروت: _bدار الخلود, _c1993 |
||
| 300 |
_a751 صفحة؛ _bإيضاحات ؛ _c25 سم |
||
| 520 | _aشركات الأشخاص:شركات التضامن،شركات المحاصة،شركة التوصية البسيطة،شركات الأموال:شركات المساهمة،شركة التوصية المساهمة،شركات الضمان:أحكام عامة:تنظيم هيئات الضمان،التصميم المحاسبي لمؤسسات الضمان | ||
| 653 | _aالشركات | ||
| 942 | _cكتاب | ||
| 999 |
_c42977 _d42977 |
||